ARRUPE JESUIT UNIVERSITY

CORONAVIRUS -STOP THE SPREAD - CLEAN,DISINFECT,COVER

Migration and development in Southern Africa; (Record no. 131693)

MARC details
000 -LEADER
fixed length control field 00423nam a22001337a 4500
008 - FIXED-LENGTH DATA ELEMENTS--GENERAL INFORMATION
fixed length control field 230322b |||||||| |||| 00| 0 eng d
020 ## - INTERNATIONAL STANDARD BOOK NUMBER
International Standard Book Number 1779051190.
050 ## - LIBRARY OF CONGRESS CALL NUMBER
Classification number HB2123.3.A3 M54 2001
100 ## - MAIN ENTRY--PERSONAL NAME
Personal name Mtlosa, Khabele
9 (RLIN) 52247
245 ## - TITLE STATEMENT
Title Migration and development in Southern Africa;
Remainder of title Policy reflections,
Statement of responsibility, etc Khabele, Matlosa.
260 ## - PUBLICATION, DISTRIBUTION, ETC. (IMPRINT)
Place of publication, distribution, etc Zimbabwe:
Name of publisher, distributor, etc Sapes Books,
Date of publication, distribution, etc 2001.
300 ## - PHYSICAL DESCRIPTION
Extent 302p;
Dimensions 21cm.
942 ## - ADDED ENTRY ELEMENTS (KOHA)
Source of classification or shelving scheme Library of Congress Classification
Item type Monograph ( Printed materials)
Holdings
Withdrawn status Lost status Source of classification or shelving scheme Damaged status Not for loan Home library Current library Shelving location Date acquired Total Checkouts Full call number Barcode Date last seen Price effective from Koha item type
    Library of Congress Classification     ARRUPE LIBRARY ARRUPE LIBRARY Main Collection 22/03/2023   HB2123.3.A3 M54 2001 46700001118 22/03/2023 22/03/2023 Monograph ( Printed materials)

 

Arrupe Library. PO Box MP320 Mt Pleasant, Harare, Zimbabwe
263 242 745411|librarian@aju.ac.zw